[Event "IX Floripa Chess Open Fort Atacadista"]
[Site "Florianópolis - Santa Catari"]
[Date "2023.01.24"]
[Round "3.77"]
[White "Carlos, Roberta Souto"]
[Black "Almeida Junior, Alvaro Alves De"]
[Result "1/2-1/2"]
[WhiteElo "1698"]
[BlackElo "2045"]
[PlyCount "91"]
[EventDate "2023.01.23"]
[EventRounds "10"]
[EventCountry "BRA"]

1. e4 c5 2. c3 Nf6 3. e5 Nd5 4. d4 cxd4 5. cxd4 e6 6. Nc3 d6 7. Nf3 Be7 8. Bc4
Nb6 9. Bb3 dxe5 10. Nxe5 Nc6 11. Qf3 O-O 12. Nxc6 bxc6 13. Be3 Ba6 14. a3 Nd5
15. Bxd5 cxd5 16. Ne2 Rc8 17. O-O Rc2 18. Rfe1 Rxb2 19. Nf4 g6 20. Qg4 Kh8 21.
Nh3 Bc8 22. Bh6 Re8 23. Ng5 Bxg5 24. Bxg5 f6 25. Bh6 e5 26. Qf3 e4 27. Qc3 Rb7
28. Bf4 Be6 29. Rac1 Ree7 30. Rc2 Qb6 31. Bh6 Rec7 32. Qd2 Rxc2 33. Qxc2 Rc7
34. Qd2 Kg8 35. Qf4 Kf7 36. g4 Rc3 37. Re3 Qxd4 38. g5 Bh3 39. Rxh3 Rxh3 40.
Qc7+ Ke6 41. Qc8+ Ke7 42. Qxh3 f5 43. Qe3 Qd1+ 44. Kg2 d4 45. Qf4 d3 46. Qe5+
1/2-1/2

[Event "IX Floripa Chess Open Fort Atacadista"]
[Site "Florianópolis - Santa Catari"]
[Date "2023.01.24"]
[Round "3.78"]
[White "Reis, Virginia Lagrange M"]
[Black "Cordero, Daniela"]
[Result "0-1"]
[WhiteElo "1652"]
[BlackElo "2027"]
[PlyCount "90"]
[EventDate "2023.01.23"]
[EventRounds "10"]
[EventCountry "BRA"]

1. e4 e6 2. d4 d5 3. Nd2 a6 4. Bd3 c5 5. c3 cxd4 6. cxd4 dxe4 7. Nxe4 Nc6 8.
Ne2 Nf6 9. O-O Be7 10. Be3 Nb4 11. Bb1 Nbd5 12. N2c3 O-O 13. a3 Nxe4 14. Nxe4
f5 15. Nc3 f4 16. Qd3 g6 17. Bc1 f3 18. g3 Bd7 19. Re1 Bg5 20. Ba2 Bxc1 21.
Raxc1 Qg5 22. Ne4 Qg4 23. Bxd5 exd5 24. Nd2 Bb5 25. Qb3 Be2 26. Qxd5+ Rf7 27.
Rc3 Raf8 28. Kh1 Kg7 29. Qe5+ Kh6 30. Qe3+ g5 31. Rc5 Rf5 32. Rxf5 Qxf5 33. Qe4
Qh3 34. Rg1 Qd7 35. Qe5 Rf5 36. Qe3 Qd5 37. Qe4 Qd7 38. Rc1 Rf6 39. d5 Qh3 40.
Rg1 Qd7 41. Qe5 Rf5 42. Qe6+ Qxe6 43. dxe6 Re5 44. g4 Rxe6 45. Rg3 Rf6 0-1

[Event "IX Floripa Chess Open Fort Atacadista"]
[Site "Florianópolis - Santa Catari"]
[Date "2023.01.24"]
[Round "3.79"]
[White "Souza, Marcos Valerio A."]
[Black "Cabral, Vinicius Albuquerqu"]
[Result "0-1"]
[WhiteElo "1989"]
[BlackElo "1744"]
[PlyCount "44"]
[EventDate "2023.01.23"]
[EventRounds "10"]
[EventCountry "BRA"]

1. d4 Nf6 2. c4 g6 3. Nc3 d5 4. Bf4 Bg7 5. Qa4+ Bd7 6. Qb3 Bc6 7. e4 e6 8. cxd5
exd5 9. e5 Ng4 10. Be2 Nh6 11. Bxh6 Bxh6 12. Bf3 O-O 13. Nxd5 Nd7 14. Ne2 Bxd5
15. Qxd5 c6 16. Qd6 Re8 17. O-O Bf8 18. Qxf8+ Nxf8 19. Nc3 Qxd4 20. Rfe1 Rxe5
21. Rad1 Rxe1+ 22. Rxe1 Qd2 0-1

[Event "IX Floripa Chess Open Fort Atacadista"]
[Site "Florianópolis - Santa Catari"]
[Date "2023.01.24"]
[Round "3.80"]
[White "Mendez Machado, Andre"]
[Black "Gusmao, Pablo Da Silva"]
[Result "1-0"]
[WhiteElo "1986"]
[BlackElo "1563"]
[PlyCount "25"]
[EventDate "2023.01.23"]
[EventRounds "10"]
[EventCountry "BRA"]

1. e4 c5 2. Nc3 Nc6 3. Bb5 g6 4. Bxc6 bxc6 5. d3 Bg7 6. f4 d6 7. Nf3 f5 8. e5
dxe5 9. fxe5 Rb8 10. O-O Bxe5 11. Nxe5 Qd4+ 12. Kh1 Qxe5 13. Bf4 1-0

[Event "IX Floripa Chess Open Fort Atacadista"]
[Site "Florianópolis - Santa Catari"]
[Date "2023.01.24"]
[Round "3.82"]
[White "Souza, Ramon Santana De"]
[Black "Americano, Lucca Casarini"]
[Result "1-0"]
[WhiteElo "1933"]
[BlackElo "1563"]
[PlyCount "59"]
[EventDate "2023.01.23"]
[EventRounds "10"]
[EventCountry "BRA"]

1. e4 c5 2. Nc3 Nc6 3. Bb5 e6 4. Bxc6 dxc6 5. d3 Nf6 6. e5 Nd5 7. Ne4 Be7 8. f4
O-O 9. Nf3 b6 10. a3 Ba6 11. c4 Nc7 12. O-O f5 13. exf6 Bxf6 14. Rb1 Bd4+ 15.
Kh1 Qe7 16. b4 Rad8 17. Qe2 cxb4 18. axb4 e5 19. Ng3 Ne6 20. f5 Nc7 21. Bg5 Qd6
22. Ne4 Qd7 23. Bxd8 Rxd8 24. Nfg5 h6 25. Nf3 Rf8 26. Nh4 Ne8 27. Ng6 Rf7 28.
c5 Kh7 29. Rf3 Nf6 30. Ng5+ 1-0

[Event "IX Floripa Chess Open Fort Atacadista"]
[Site "Florianópolis - Santa Catari"]
[Date "2023.01.24"]
[Round "3.83"]
[White "De Souza, Nicolas Gabriel"]
[Black "Marra, Eduardo Da Costa"]
[Result "0-1"]
[WhiteElo "1326"]
[BlackElo "2275"]
[PlyCount "68"]
[EventDate "2023.01.23"]
[EventRounds "10"]
[EventCountry "BRA"]

1. e4 c5 2. Nf3 e6 3. d4 cxd4 4. Nxd4 Nf6 5. Nc3 Nc6 6. Nxc6 bxc6 7. e5 Nd5 8.
Nxd5 cxd5 9. Bd3 Qc7 10. Qe2 d6 11. f4 dxe5 12. fxe5 Bb4+ 13. Kd1 O-O 14. Qh5
g6 15. Qe2 Rb8 16. Rf1 Bc3 17. bxc3 Qxc3 18. Bh6 Qxa1+ 19. Kd2 Qd4 20. Qf3 f5
21. exf6 Rf7 22. Qg3 e5 23. a3 Bg4 24. Be3 Qa4 25. Qxe5 Re8 26. Qxd5 Qxa3 27.
Bd4 Be6 28. Qc6 Qa5+ 29. c3 Qa2+ 30. Bc2 Bd7 31. Qb7 Re2+ 32. Kxe2 Bg4+ 33. Kd2
Rxb7 34. h3 Bf5 0-1

[Event "IX Floripa Chess Open Fort Atacadista"]
[Site "Florianópolis - Santa Catari"]
[Date "2023.01.24"]
[Round "3.84"]
[White "Rodriguez, Mathias"]
[Black "Messias, Jose Vitor Lamosa P"]
[Result "1-0"]
[WhiteElo "2207"]
[BlackElo "1661"]
[PlyCount "73"]
[EventDate "2023.01.23"]
[EventRounds "10"]
[EventCountry "BRA"]

1. e4 c5 2. Nf3 Nc6 3. d4 cxd4 4. Nxd4 e5 5. Nb5 a6 6. Nd6+ Bxd6 7. Qxd6 Qf6 8.
Qd1 Nge7 9. Nc3 O-O 10. g3 Rd8 11. Bg2 d6 12. O-O Qg6 13. Be3 Be6 14. Re1 Rac8
15. Rc1 b5 16. h4 h5 17. Nd5 Bxd5 18. exd5 Nb4 19. Bb6 Rf8 20. c3 Nd3 21. Be4
Nxb2 22. Bxg6 Nxd1 23. Bxf7+ Rxf7 24. Rexd1 Rf3 25. Ba5 Kf7 26. Bb4 Rf6 27. Ra1
Rc4 28. a4 Rg6 29. axb5 axb5 30. Ra6 Nf5 31. Kh2 Nxh4 32. Rxd6 Nf3+ 33. Kg2
Rxd6 34. Bxd6 Rxc3 35. Bb4 Rd3 36. Rxd3 Ne1+ 37. Bxe1 1-0

[Event "IX Floripa Chess Open Fort Atacadista"]
[Site "Florianópolis - Santa Catari"]
[Date "2023.01.24"]
[Round "3.85"]
[White "Fernandez, Maria Florencia"]
[Black "Martins, Giovanni Custodio"]
[Result "1-0"]
[WhiteElo "2181"]
[BlackElo "1658"]
[PlyCount "49"]
[EventDate "2023.01.23"]
[EventRounds "10"]
[EventCountry "BRA"]

1. d4 Nf6 2. c4 c5 3. d5 b5 4. cxb5 a6 5. bxa6 Bxa6 6. Nc3 g6 7. Nf3 d6 8. e4
Bxf1 9. Kxf1 Bg7 10. g3 O-O 11. Kg2 Na6 12. a4 Qa5 13. Qe2 Rfb8 14. Nd2 Nb4 15.
Nc4 Qa6 16. Ra3 Nd7 17. Nb5 Nb6 18. b3 Qb7 19. h4 f5 20. h5 fxe4 21. Nxb6 Qxb6
22. hxg6 Nxd5 23. Qxe4 Qb7 24. Qe6+ Kf8 25. Qf7# 1-0

[Event "IX Floripa Chess Open Fort Atacadista"]
[Site "Florianópolis - Santa Catari"]
[Date "2023.01.24"]
[Round "3.86"]
[White "Delgado, Lidio Dias"]
[Black "Brand, Leticia Soethe"]
[Result "1-0"]
[WhiteElo "2150"]
[BlackElo "1657"]
[PlyCount "65"]
[EventDate "2023.01.23"]
[EventRounds "10"]
[EventCountry "BRA"]

1. d4 Nf6 2. Nf3 g6 3. Nbd2 Bg7 4. e4 d6 5. Bd3 O-O 6. O-O Nbd7 7. Re1 c5 8. c3
b6 9. a4 a6 10. h3 Bb7 11. b4 Qc7 12. Qe2 Rfc8 13. Bb2 Nh5 14. g3 Nf8 15. Kh2
Ne6 16. Qe3 Qd7 17. Ng1 Nd8 18. Nc4 cxd4 19. cxd4 Qc7 20. a5 b5 21. Nb6 Nc6 22.
Rec1 Qd8 23. Nxa8 Bxa8 24. Bc3 Qd7 25. Ne2 Qa7 26. d5 Qxe3 27. fxe3 Bh6 28. Bd4
e5 29. Bb6 Ne7 30. Rxc8+ Nxc8 31. Rc1 Nxb6 32. axb6 Bxe3 33. Rc8+ 1-0

[Event "IX Floripa Chess Open Fort Atacadista"]
[Site "Florianópolis - Santa Catari"]
[Date "2023.01.24"]
[Round "3.87"]
[White "Do Carmo, Gabriel Carckeno"]
[Black "Bueno, Alfeu Junior Varela"]
[Result "0-1"]
[WhiteElo "1651"]
[BlackElo "2145"]
[PlyCount "80"]
[EventDate "2023.01.23"]
[EventRounds "10"]
[EventCountry "BRA"]

1. c4 e5 2. Nc3 Nc6 3. Nf3 f5 4. d3 Bb4 5. Bd2 Nf6 6. g3 d6 7. Bg2 O-O 8. O-O
Bxc3 9. Bxc3 Qe8 10. e3 f4 11. exf4 exf4 12. Re1 Qh5 13. Nh4 Bg4 14. Bf3 fxg3
15. hxg3 Ne5 16. Bxe5 dxe5 17. Kg2 Rad8 18. Qe2 Bxf3+ 19. Nxf3 Ng4 20. Rh1 Qf5
21. Rad1 Rd6 22. Rh4 Rdf6 23. Rf1 h5 24. Nh2 Qxf2+ 25. Rxf2 Rxf2+ 26. Qxf2
Rxf2+ 27. Kg1 Rxh2 28. Rxh2 Nxh2 29. Kxh2 Kf7 30. Kg2 c5 31. Kf3 Ke6 32. a3 a5
33. b3 Kf5 34. Ke3 g5 35. Kf3 h4 36. g4+ Ke6 37. Ke3 h3 38. Kf3 e4+ 39. dxe4
Ke5 40. Kg3 Kxe4 0-1

[Event "IX Floripa Chess Open Fort Atacadista"]
[Site "Florianópolis - Santa Catari"]
[Date "2023.01.24"]
[Round "3.88"]
[White "Dominguez, Facundo"]
[Black "Muniz, Henrique Rocha"]
[Result "1-0"]
[WhiteElo "2132"]
[BlackElo "1657"]
[PlyCount "55"]
[EventDate "2023.01.23"]
[EventRounds "10"]
[EventCountry "BRA"]

1. e4 e5 2. Nf3 d6 3. d4 Nd7 4. Bc4 h6 5. O-O Ngf6 6. Qe2 b6 7. Rd1 exd4 8.
Nxd4 Ne5 9. Bb3 c5 10. Nf5 g6 11. f4 gxf5 12. fxe5 Nxe4 13. Qh5 Qe7 14. exd6
Nxd6 15. Bf4 c4 16. Ba4+ b5 17. Bxd6 Qe3+ 18. Kf1 Qb6 19. Re1+ Kd8 20. Qh4+ Kd7
21. Bxf8 bxa4 22. Re7+ Kc6 23. Qxc4+ Kd6 24. Re6+ Kd7 25. Qd5+ Kc7 26. Re7+ Kb8
27. Qe5+ Qd6 28. Qxd6# 1-0

[Event "IX Floripa Chess Open Fort Atacadista"]
[Site "Florianópolis - Santa Catari"]
[Date "2023.01.24"]
[Round "3.89"]
[White "Silveira, Leonardo Eleuterio "]
[Black "Gomes, Marco Tulio Caldeir"]
[Result "0-1"]
[WhiteElo "2124"]
[BlackElo "1645"]
[PlyCount "34"]
[EventDate "2023.01.23"]
[EventRounds "10"]
[EventCountry "BRA"]

1. d4 Nf6 2. c4 e6 3. Nf3 b6 4. g3 Bb7 5. Bg2 Be7 6. O-O O-O 7. b3 d5 8. Bb2 c5
9. e3 Nc6 10. Nbd2 cxd4 11. exd4 Qc7 12. Rc1 Rac8 13. a3 Rfd8 14. c5 a5 15. Re1
Nd7 16. cxb6 Nxb6 17. Qe2 Bf6 0-1

[Event "IX Floripa Chess Open Fort Atacadista"]
[Site "Florianópolis - Santa Catari"]
[Date "2023.01.24"]
[Round "3.90"]
[White "Fernandes Filho, Bergson Fragoso"]
[Black "Monteiro, Daniel Zotelli"]
[Result "1-0"]
[WhiteElo "2113"]
[BlackElo "1642"]
[PlyCount "81"]
[EventDate "2023.01.23"]
[EventRounds "10"]
[EventCountry "BRA"]

1. e4 e5 2. Nf3 Nc6 3. Bb5 a6 4. Ba4 Nf6 5. d3 b5 6. Bb3 Be7 7. O-O d6 8. a4 b4
9. a5 Bg4 10. Ba4 Bd7 11. Nbd2 O-O 12. Nc4 Nb8 13. Bb3 h6 14. Bd2 c5 15. Nb6
Ra7 16. Nxd7 Nfxd7 17. c3 bxc3 18. bxc3 Nc6 19. Bd5 Qc7 20. Qa4 Ncb8 21. Rfb1
Nf6 22. Bc4 Rb7 23. h3 Bd8 24. Qa2 Rxb1+ 25. Qxb1 Qa7 26. g4 Nc6 27. g5 hxg5
28. Bxg5 Nxa5 29. Bxf6 gxf6 30. Bd5 Kh8 31. Qc1 Rg8+ 32. Kh2 Rg7 33. Qh6+ Kg8
34. Rg1 Rxg1 35. Kxg1 f5 36. Qg5+ Kh8 37. Qh6+ Kg8 38. exf5 Qe7 39. f6 Qf8 40.
Qg6+ Kh8 41. Bxf7 1-0

[Event "IX Floripa Chess Open Fort Atacadista"]
[Site "Florianópolis - Santa Catari"]
[Date "2023.01.24"]
[Round "3.91"]
[White "Araujo Filho, Luiz Antonio Coel"]
[Black "Mariano, Kaiki Pereira"]
[Result "1-0"]
[WhiteElo "2089"]
[BlackElo "1639"]
[PlyCount "63"]
[EventDate "2023.01.23"]
[EventRounds "10"]
[EventCountry "BRA"]

1. d4 Nf6 2. Nf3 e6 3. e3 d5 4. Bd3 c5 5. c3 Nc6 6. Nbd2 Bd6 7. Qe2 O-O 8. dxc5
Bxc5 9. e4 dxe4 10. Nxe4 Nxe4 11. Bxe4 f5 12. Bc2 Kh8 13. O-O h6 14. b4 Bd6 15.
b5 Ne7 16. Bb2 Ng6 17. c4 Qe7 18. Rad1 e5 19. Qd2 Bb4 20. Qe3 Bd6 21. Rfe1 Re8
22. h4 Bb4 23. Bxe5 Nxe5 24. Nxe5 Kh7 25. Re2 Qxh4 26. c5 Qg5 27. Qd4 Ba5 28.
Nf7 Qg6 29. Rxe8 Qxf7 30. Qe5 Bc7 31. Qe2 b6 32. Re7 1-0

[Event "IX Floripa Chess Open Fort Atacadista"]
[Site "Florianópolis - Santa Catari"]
[Date "2023.01.24"]
[Round "3.92"]
[White "Madeira, Wagner Martins"]
[Black "Calcada, Lucas Galvan"]
[Result "1-0"]
[WhiteElo "2080"]
[BlackElo "1638"]
[PlyCount "65"]
[EventDate "2023.01.23"]
[EventRounds "10"]
[EventCountry "BRA"]

1. e4 c5 2. c3 g6 3. d4 cxd4 4. cxd4 d5 5. exd5 Nf6 6. Bb5+ Bd7 7. Bc4 Bg7 8.
Nc3 O-O 9. Nf3 Bg4 10. h3 Bxf3 11. Qxf3 Nbd7 12. O-O Nb6 13. Bb3 Qd7 14. Bg5
Rfd8 15. Rfe1 Rac8 16. Re2 h6 17. Bxf6 Bxf6 18. Rd1 Kg7 19. d6 Qxd6 20. Qxb7
Qc6 21. Qxc6 Rxc6 22. d5 Rcd6 23. Ne4 R6d7 24. Nxf6 Kxf6 25. Rde1 Nxd5 26. Bxd5
Rxd5 27. Rxe7 R8d7 28. Rxd7 Rxd7 29. g3 Kf5 30. Kg2 Rd6 31. Kf3 a6 32. Ke3 h5
33. Rc1 1-0

[Event "IX Floripa Chess Open Fort Atacadista"]
[Site "Florianópolis - Santa Catari"]
[Date "2023.01.24"]
[Round "3.93"]
[White "Lage, Pedro Ferreira"]
[Black "Jiang, Lucas Zirui"]
[Result "1-0"]
[WhiteElo "2055"]
[BlackElo "1637"]
[PlyCount "53"]
[EventDate "2023.01.23"]
[EventRounds "10"]
[EventCountry "BRA"]

1. Nf3 c6 2. g3 d5 3. Bg2 Nf6 4. O-O Bf5 5. d3 Nbd7 6. b3 e6 7. Bb2 h6 8. Nbd2
Be7 9. c4 O-O 10. a3 a5 11. Ra2 Re8 12. Qa1 Bd6 13. e4 dxe4 14. dxe4 Nxe4 15.
Nxe4 Bxe4 16. Bxg7 Bxf3 17. Bxf3 Qg5 18. Bc3 Red8 19. Rd1 Ne5 20. Bg2 Bc5 21.
Rxd8+ Rxd8 22. Bxe5 Qg4 23. Qb2 Bxa3 24. Rxa3 Qd1+ 25. Bf1 Rd2 26. Ra1 Rxb2 27.
Rxd1 1-0

[Event "IX Floripa Chess Open Fort Atacadista"]
[Site "Florianópolis - Santa Catari"]
[Date "2023.01.24"]
[Round "3.94"]
[White "Lopes, Leonardo Borges"]
[Black "Araujo, Renan Aparecido"]
[Result "0-1"]
[WhiteElo "1635"]
[BlackElo "2041"]
[PlyCount "50"]
[EventDate "2023.01.23"]
[EventRounds "10"]
[EventCountry "BRA"]

1. e4 e5 2. Bc4 Nf6 3. d3 c6 4. Nf3 d5 5. exd5 cxd5 6. Bb5+ Bd7 7. Bxd7+ Nbxd7
8. O-O Bd6 9. c4 d4 10. Bg5 h6 11. Bh4 O-O 12. Nbd2 Qb6 13. Qc2 g5 14. Bg3 Nh5
15. Rae1 Rae8 16. b4 Qxb4 17. Rb1 Qa3 18. Ne4 f5 19. Nexg5 hxg5 20. Nxg5 Nc5
21. Qe2 Nf6 22. Rfd1 Re7 23. Qf3 Rg7 24. Bh4 Qa6 25. Qxf5 Nfe4 0-1

[Event "IX Floripa Chess Open Fort Atacadista"]
[Site "Florianópolis - Santa Catari"]
[Date "2023.01.24"]
[Round "3.95"]
[White "Ibanez, Marcelo"]
[Black "Goetten Wagner, Julia"]
[Result "1-0"]
[WhiteElo "2014"]
[BlackElo "1631"]
[PlyCount "59"]
[EventDate "2023.01.23"]
[EventRounds "10"]
[EventCountry "BRA"]

1. e4 c5 2. Nf3 e6 3. d4 cxd4 4. Nxd4 Nf6 5. Nc3 d6 6. f3 Be7 7. Be3 Nc6 8. Qd2
a6 9. O-O-O O-O 10. g4 Nd7 11. h4 Nde5 12. Qf2 b5 13. Kb1 Rb8 14. g5 Nxd4 15.
Bxd4 Nc6 16. Be3 Qa5 17. f4 b4 18. Ne2 f5 19. Bg2 fxe4 20. Bxe4 Ne5 21. Ba7 Rb5
22. Qd4 Nd7 23. Qd3 g6 24. Bxg6 Rff5 25. Bxf5 Rxf5 26. Nd4 Bb7 27. Nxf5 exf5
28. Rhe1 Be4 29. Rxe4 fxe4 30. Qxe4 1-0

[Event "IX Floripa Chess Open Fort Atacadista"]
[Site "Florianópolis - Santa Catari"]
[Date "2023.01.24"]
[Round "3.96"]
[White "Ferreira, Andrei Dias"]
[Black "Passos Coutinho, Eduardo"]
[Result "1-0"]
[WhiteElo "2011"]
[BlackElo "1630"]
[PlyCount "63"]
[EventDate "2023.01.23"]
[EventRounds "10"]
[EventCountry "BRA"]

1. e4 c6 2. d4 d5 3. Nc3 dxe4 4. Nxe4 Bf5 5. Ng3 Bg6 6. Nh3 h6 7. Nf4 Bh7 8.
Bc4 Nf6 9. O-O Nbd7 10. Re1 Nb6 11. Bb3 Nbd5 12. c4 Nxf4 13. Bxf4 e6 14. d5 Bb4
15. Re2 g5 16. Be5 O-O 17. Qd4 c5 18. Qd1 Ng4 19. Bc3 Bxc3 20. bxc3 Qf6 21. Qe1
Qf4 22. f3 Nf6 23. dxe6 fxe6 24. Rxe6 Rae8 25. Rd1 Rxe6 26. Qxe6+ Rf7 27. Ba4
g4 28. Be8 Nxe8 29. Qxe8+ Rf8 30. Qe6+ Qf7 31. Qxg4+ Kh8 32. Rd7 1-0

[Event "IX Floripa Chess Open Fort Atacadista"]
[Site "Florianópolis - Santa Catari"]
[Date "2023.01.24"]
[Round "3.97"]
[White "Ramirez, Maria Eugenia"]
[Black "De Resende, Sidnei"]
[Result "1-0"]
[WhiteElo "2007"]
[BlackElo "1629"]
[PlyCount "101"]
[EventDate "2023.01.23"]
[EventRounds "10"]
[EventCountry "BRA"]

1. e4 c5 2. c3 Nf6 3. e5 Nd5 4. g3 d6 5. exd6 exd6 6. Bg2 Nf6 7. Ne2 Nc6 8. O-O
Be7 9. d4 Bg4 10. f3 Bf5 11. g4 Bd7 12. d5 Ne5 13. Na3 O-O 14. h3 Ng6 15. Ng3
Nh4 16. Nc2 h6 17. Ne3 Qc8 18. Bh1 Re8 19. f4 g6 20. Ng2 Nh7 21. Nxh4 Bxh4 22.
Ne4 Qc7 23. f5 Bb5 24. fxg6 fxg6 25. Rf4 Qe7 26. Bd2 Bd3 27. Be1 Bxe4 28. Rxe4
Qf6 29. Qd3 Kg7 30. c4 Rxe4 31. Bxe4 Bxe1 32. Rxe1 Re8 33. Rf1 Qd4+ 34. Qxd4+
cxd4 35. Bf3 Ng5 36. Kg2 Re3 37. h4 Nxf3 38. Rxf3 Re2+ 39. Rf2 Rxf2+ 40. Kxf2
Kf6 41. Ke2 Ke5 42. Kd3 b6 43. b4 b5 44. cxb5 Kxd5 45. a4 g5 46. h5 Ke5 47. a5
Kd5 48. b6 axb6 49. a6 Kc6 50. b5+ Kc7 51. Kxd4 1-0

[Event "IX Floripa Chess Open Fort Atacadista"]
[Site "Florianópolis - Santa Catari"]
[Date "2023.01.24"]
[Round "3.98"]
[White "Lima, Stefan Moisei Vieir"]
[Black "Dos Santos, Lucas Carvalho Ribe"]
[Result "1/2-1/2"]
[WhiteElo "1991"]
[BlackElo "1619"]
[PlyCount "55"]
[EventDate "2023.01.23"]
[EventRounds "10"]
[EventCountry "BRA"]

1. d4 Nf6 2. c4 g6 3. Nc3 Bg7 4. e4 d6 5. Be2 O-O 6. Nf3 Nbd7 7. O-O e5 8. Re1
h6 9. Bf1 Re8 10. d5 Nf8 11. h3 N6h7 12. Be3 f5 13. b4 f4 14. Bd2 g5 15. Nh2
Nf6 16. Be2 Qe7 17. Rc1 Qf7 18. Ng4 N8h7 19. c5 h5 20. Nh2 Qg6 21. f3 g4 22.
hxg4 hxg4 23. Nxg4 Nxg4 24. fxg4 Nf6 25. Bf3 Nxg4 26. Nb5 Qh5 27. Nxc7 Qh4 28.
Nxe8 1/2-1/2

[Event "IX Floripa Chess Open Fort Atacadista"]
[Site "Florianópolis - Santa Catari"]
[Date "2023.01.24"]
[Round "3.99"]
[White "Ccerhuayo Escobedo, Mels Leopold"]
[Black "Amarilla Ettiene, Ezequiel"]
[Result "0-1"]
[WhiteElo "1988"]
[BlackElo "1616"]
[PlyCount "62"]
[EventDate "2023.01.23"]
[EventRounds "10"]
[EventCountry "BRA"]

1. e4 c5 2. Nf3 e6 3. d4 cxd4 4. Nxd4 Nf6 5. Bd3 d6 6. O-O Be7 7. Kh1 O-O 8. f4
Nc6 9. Nxc6 bxc6 10. e5 Nd5 11. a3 Nb6 12. Nc3 d5 13. Qh5 g6 14. Qh6 Re8 15.
Bd2 Bf8 16. Qh3 c5 17. b3 c4 18. bxc4 Nxc4 19. Bxc4 dxc4 20. Ne4 Bg7 21. Bc3
Qc7 22. Nf6+ Bxf6 23. exf6 h5 24. Be5 Qc6 25. Rae1 Bb7 26. Rf3 Rad8 27. Bc3 Qd6
28. Rg3 Qxf4 29. Qxh5 Qxg3 30. hxg3 gxh5 31. Re5 Rd5 0-1

[Event "IX Floripa Chess Open Fort Atacadista"]
[Site "Florianópolis - Santa Catari"]
[Date "2023.01.24"]
[Round "3.100"]
[White "Benitez, Andres"]
[Black "Martins, Arthur Francisco"]
[Result "1-0"]
[WhiteElo "1980"]
[BlackElo "1610"]
[PlyCount "37"]
[EventDate "2023.01.23"]
[EventRounds "10"]
[EventCountry "BRA"]

1. e4 c5 2. Nf3 d6 3. d4 cxd4 4. Nxd4 Nf6 5. Nc3 a6 6. Be2 e5 7. Nb3 Be7 8. Be3
O-O 9. g4 Be6 10. g5 Nfd7 11. Qd2 b5 12. Nd5 Bxd5 13. exd5 Nb6 14. Rg1 Nc4 15.
Bxc4 bxc4 16. Na5 Qc7 17. Qc3 Rc8 18. Rg4 Bd8 19. Rxc4 1-0

[Event "IX Floripa Chess Open Fort Atacadista"]
[Site "Florianópolis - Santa Catari"]
[Date "2023.01.24"]
[Round "3.101"]
[White "Albiero, Marco Antonio Batis"]
[Black "Pertuzatti, Daniel"]
[Result "0-1"]
[WhiteElo "1621"]
[BlackElo "1973"]
[PlyCount "56"]
[EventDate "2023.01.23"]
[EventRounds "10"]
[EventCountry "BRA"]

1. e4 Nf6 2. Nc3 d5 3. exd5 Nxd5 4. Bc4 c6 5. Nf3 Bg4 6. h3 Bh5 7. Nxd5 cxd5 8.
Bb5+ Nc6 9. g4 Bg6 10. Ne5 Qb6 11. Ba4 e6 12. d4 Be7 13. h4 f6 14. Nxg6 hxg6
15. c3 O-O-O 16. Bxc6 Qxc6 17. Qf3 e5 18. Be3 e4 19. Qg3 g5 20. h5 Bd6 21. Qg2
Qa4 22. Kd2 Qb5 23. Kc2 Qd3+ 24. Kc1 Ba3 25. Bd2 Bxb2+ 26. Kxb2 Qxd2+ 27. Kb3
Rd6 28. Qg3 Rb6+ 0-1

[Event "IX Floripa Chess Open Fort Atacadista"]
[Site "Florianópolis - Santa Catari"]
[Date "2023.01.24"]
[Round "3.102"]
[White "Soares, Renan Barbosa Monte"]
[Black "Teramoto, Anderson"]
[Result "1-0"]
[WhiteElo "1941"]
[BlackElo "1607"]
[PlyCount "55"]
[EventDate "2023.01.23"]
[EventRounds "10"]
[EventCountry "BRA"]

1. d4 Nf6 2. c4 e6 3. Nf3 Be7 4. Nc3 d5 5. Bf4 c6 6. e3 Nbd7 7. c5 Nh5 8. Bg3
Nxg3 9. hxg3 Rb8 10. b4 b5 11. Qc2 h6 12. a4 a6 13. axb5 axb5 14. Bd3 Bf6 15.
O-O e5 16. Nxd5 exd4 17. Nxf6+ Nxf6 18. Nxd4 Qc7 19. Be4 Bd7 20. Bf3 h5 21. Ra6
Nd5 22. Bxd5 cxd5 23. Rd6 h4 24. Nf5 Bxf5 25. Qxf5 hxg3 26. fxg3 Qe7 27. Qf4
O-O 28. Rxd5 1-0

[Event "IX Floripa Chess Open Fort Atacadista"]
[Site "Florianópolis - Santa Catari"]
[Date "2023.01.24"]
[Round "3.103"]
[White "Dionisio, Alex Monteiro"]
[Black "Seccafim, Caic Dos Santos"]
[Result "0-1"]
[WhiteElo "1616"]
[BlackElo "1936"]
[PlyCount "76"]
[EventDate "2023.01.23"]
[EventRounds "10"]
[EventCountry "BRA"]

1. e4 d6 2. d4 Nf6 3. Nc3 g6 4. f4 Bg7 5. Nf3 O-O 6. e5 dxe5 7. fxe5 Nd5 8. Bc4
Nb6 9. Be2 Na6 10. Bf4 c6 11. Qd2 Be6 12. O-O-O Nb4 13. Kb1 a5 14. a3 N4d5 15.
Ng5 Nxc3+ 16. Qxc3 Qd5 17. Nxe6 Qxe6 18. Qf3 Rad8 19. g4 Qd5 20. Qc3 Na4 21.
Qb3 Qxb3 22. cxb3 Nb6 23. Bf3 Rd7 24. Bg3 Rfd8 25. Bf2 Nd5 26. h4 Nc7 27. g5 e6
28. a4 Nd5 29. h5 Ne7 30. hxg6 hxg6 31. Bg4 Nd5 32. Kc1 Nb4 33. Kb1 Kf8 34. Bf3
Ke7 35. Rhe1 b6 36. Re4 c5 37. Rh4 Bxe5 38. dxe5 Rxd1+ 0-1

[Event "IX Floripa Chess Open Fort Atacadista"]
[Site "Florianópolis - Santa Catari"]
[Date "2023.01.24"]
[Round "3.104"]
[White "Heinechen, John"]
[Black "Elesbao, Bernardo Dartora"]
[Result "1-0"]
[WhiteElo "1935"]
[BlackElo "1604"]
[PlyCount "39"]
[EventDate "2023.01.23"]
[EventRounds "10"]
[EventCountry "BRA"]

1. e4 c5 2. Nf3 e6 3. d4 cxd4 4. Nxd4 a6 5. Bd3 Nf6 6. O-O Bc5 7. Nb3 Ba7 8.
Qe2 d6 9. Be3 Bxe3 10. Qxe3 Nc6 11. Nc3 b5 12. Rad1 O-O 13. f4 Re8 14. e5 Ng4
15. Bxh7+ Kf8 16. Qh3 Qb6+ 17. Kh1 Nf2+ 18. Rxf2 Qxf2 19. exd6 g6 20. Qh6# 1-0

[Event "IX Floripa Chess Open Fort Atacadista"]
[Site "Florianópolis - Santa Catari"]
[Date "2023.01.24"]
[Round "3.105"]
[White "Da Cruz, Emerson"]
[Black "Barrientos, Ernesto"]
[Result "0-1"]
[WhiteElo "1615"]
[BlackElo "1934"]
[PlyCount "74"]
[EventDate "2023.01.23"]
[EventRounds "10"]
[EventCountry "BRA"]

1. d4 Nf6 2. c4 c5 3. d5 e6 4. Nc3 exd5 5. cxd5 d6 6. e4 g6 7. Be2 Bg7 8. Nf3
O-O 9. O-O Bg4 10. Nd2 Bxe2 11. Qxe2 Re8 12. a4 Na6 13. Nc4 Nb4 14. Rd1 Qe7 15.
f3 Rad8 16. Bg5 h6 17. Bxf6 Bxf6 18. Na2 Nxa2 19. Rxa2 Bd4+ 20. Kh1 f5 21. Nd2
Qh4 22. g3 Qh5 23. Kg2 Kg7 24. Qc4 Re7 25. Nb3 fxe4 26. Nxd4 cxd4 27. Qxd4+ Kg8
28. Ra3 exf3+ 29. Rxf3 Re2+ 30. Rf2 Rxf2+ 31. Kxf2 Qxh2+ 32. Ke3 Qxg3+ 33. Kd2
Qg2+ 34. Kc1 Rc8+ 35. Kb1 Qc2+ 36. Ka1 Rc4 37. Qd3 Rxa4+ 0-1